000 00300nam a22001337a 4500
008 221006b ||||| |||| 00| 0 eng d
041 _aeng
080 _a030
082 _a030
100 _a40.2
101 _aENC
245 _aMADE SIMPLE SELF-TEACHING ENCYCLOPEDIA
_cSPERLING A
942 _2udc
_cBK
999 _c58401
_d58401